Les 10 meilleures adaptations de jeux vidéo au cinéma - Statistiques

Statistiques générales
  • Ce quiz a été pris 64 fois
  • Le résultat moyen est 4 sur 10
Statistiques - réponses
Réponse Année de sortie % Correct
1 Super Mario Bros 2023
94%
10 Super Mario Bros 1993
94%
4 Sonic 2020
41%
3 Uncharted 2022
41%
5 Détective Pikachu 2019
31%
2 Warcraft 2016
18%
8 Prince of Persia : Les Sables du temps 2010
14%
9 Silent Hill 2006
10%
7 Angry Birds 2016
8%
6 Rampage : Hors de Contrôle 2018
4%
Aucun quiz correspondant
Distribution des résultats
% des personnes avec chaque résultat
Percentile par nombre de réponses
Votre historique - résultats
Vous n’avez pas pris ce quiz